| 000 | 00753nam a2200241 a 4500 | ||
|---|---|---|---|
| 001 | 59915 | ||
| 003 | BD-RjUL | ||
| 005 | 20211209080800.0 | ||
| 008 | 880808t19861980nyuabc b 001 0 eng d | ||
| 020 | _a0500271801 | ||
| 035 | _a(BD-RjUL) 60039 | ||
| 040 |
_aWLU _cWLU _dm.c _dOCL _dEUE _dBD-RjUL _beng |
||
| 041 | _aeng | ||
| 082 |
_223 _a946.081 _bJAC 1986 |
||
| 100 | 1 |
_aJackson, Gabriel. _9178229 |
|
| 245 | 1 | 2 |
_aA concise history of the Spanish Civil War / _cGabriel Jackson. |
| 250 | _a1st pbk. ed. | ||
| 260 |
_aLondon : _bThames and Hudson, _c1980 [Reprinted 1986 |
||
| 300 |
_a192 p. : _bill.. ; _c24 cm. |
||
| 504 | _aIncludes bibliography (p. 183-185) and index. | ||
| 651 | 0 |
_aSpain _xHistory _yCivil War, 1936-1939. _9178230 |
|
| 942 |
_2ddc _cBK |
||
| 999 |
_c59915 _d59915 |
||